Statistics for 25 x 25 Multiplication Table in 8 Minutes

Click here to take the quiz!

General Stats

  • This quiz has been taken 181 times
  • The average score is 521 of 625

Answer Stats

# % Correct
2
100%
6
99%
8
99%
7
99%
1
99%
5
99%
3
99%
4
99%
13
98%
17
98%
15
98%
16
98%
12
98%
11
98%
10
98%
9
98%
14
98%
18
97%
19
97%
20
97%
21
97%
22
97%
23
97%
24
97%
25
97%
30
95%
28
95%
26
95%
34
94%
36
94%
38
94%
40
94%
50
94%
27
94%
33
94%
32
94%
39
93%
42
93%
44
93%
46
93%
48
93%
75
92%
64
92%
45
92%
49
91%
150
91%
78
91%
125
91%
35
91%
100
91%
84
91%
175
91%
68
91%
76
91%
56
91%
66
91%
51
91%
54
91%
52
91%
60
91%
63
91%
57
91%
72
91%
69
91%
126
90%
81
90%
200
90%
80
90%
119
90%
112
90%
55
90%
91
90%
77
90%
88
90%
144
90%
132
90%
98
90%
114
90%
105
90%
65
90%
70
90%
85
90%
108
90%
90
90%
95
90%
225
90%
110
90%
92
90%
120
90%
102
90%
115
90%
96
90%
99
89%
130
89%
104
89%
250
89%
133
89%
140
89%
128
87%
121
87%
275
87%
300
87%
117
87%
135
87%
230
87%
240
86%
220
86%
210
86%
190
86%
170
86%
180
86%
160
86%
147
86%
138
86%
154
86%
165
85%
136
85%
168
84%
143
84%
187
84%
176
84%
161
84%
198
83%
400
83%
162
83%
156
83%
325
82%
152
82%
264
82%
153
82%
216
82%
350
82%
189
82%
253
82%
171
80%
425
80%
375
80%
195
80%
242
80%
209
80%
184
80%
192
80%
500
79%
475
79%
231
79%
525
78%
450
78%
260
78%
207
78%
280
78%
575
77%
204
77%
550
76%
360
76%
625
76%
169
76%
252
76%
228
75%
320
75%
600
74%
288
74%
340
74%
270
72%
276
72%
330
71%
315
71%
182
71%
208
71%
255
71%
380
70%
420
70%
440
70%
221
70%
285
70%
460
69%
480
69%
345
68%
224
67%
234
67%
247
67%
273
67%
196
66%
286
64%
294
64%
336
63%
256
63%
312
62%
238
61%
299
61%
266
60%
308
59%
352
59%
304
56%
322
56%
272
55%
357
54%
384
54%
323
54%
504
54%
368
53%
374
53%
399
52%
289
52%
378
52%
324
51%
462
51%
441
51%
396
51%
456
51%
418
49%
306
49%
483
48%
408
48%
432
48%
528
46%
391
46%
342
46%
414
46%
552
45%
437
45%
361
44%
484
43%
576
43%
506
41%
529
39%

Score Distribution

Percentile by Number Answered

Percent of People with Each Score

Your Score History

You have not taken this quiz